The day death died. (Record no. 7588)

000 -LEADER
fixed length control field 00588nam a2200193 a 4500
001 - CONTROL NUMBER
control field :::00005349$&:&@@
003 - CONTROL NUMBER IDENTIFIER
control field OkBaRHE
005 - DATE AND TIME OF LATEST TRANSACTION
control field 20100401145103.0
008 - FIXED-LENGTH DATA ELEMENTS--GENERAL INFORMATION
fixed length control field s1982 j 000 0 eng u
020 ## - INTERNATIONAL STANDARD BOOK NUMBER
International Standard Book Number 0877843910 (pbk.)
040 ## - CATALOGING SOURCE
Transcribing agency
100 1# - MAIN ENTRY--PERSONAL NAME
Personal name Green, Michael, 1930-
245 14 - TITLE STATEMENT
Title The day death died.
260 ## - PUBLICATION, DISTRIBUTION, ETC. (IMPRINT)
Place of publication, distribution, etc Downers Grove, IL., :
Name of publisher, distributor, etc InterVarsity Press
Date of publication, distribution, etc c1982
300 ## - PHYSICAL DESCRIPTION
Extent 119 p. ;
Dimensions 18 cm.
650 ## - SUBJECT ADDED ENTRY--TOPICAL TERM
Topical term or geographic name as entry element Jesus Christ
General subdivision Resurrection
942 ## - ADDED ENTRY ELEMENTS (KOHA)
Source of classification or shelving scheme
Koha item type Books
Copies
Permanent Location Date last seen Full call number Lost status Date acquired Barcode Copy number Not for loan Shelving location Damaged status Source of classification or shelving scheme Withdrawn status Price effective from Koha item type
RHEMA Bible Training College2010-04-14BT 481 .G73 1982 2010-04-1453491 General Stacks   2010-04-14Books